00440nam a2200133 a 450000100100000000500170001000800410002704000250006808200160009310000310010924500960014026000490023630000210028500003534420200930074255.0111027s1976 mx 000 0 spa d aDO-SdBNPbspacBNPHU axxxxbS586p1 aSilva Michelena, José A.10aPolítica y bloques de poder :bcrisis en el sistema mundial /cJosé A. Silva Michelena. aMéxico :bSiglo Veintiuno Editores,c1976. a291 p. ;c21 cm.